000 00950nam a22002777a 4500
003 OSt
005 20221114025011.0
008 151209b xxu||||| |||| 00| 0 eng d
010 _a 96139064
020 _a1857390229
035 _a(OCoLC)34264442
040 _aMMU
_cMMU
_dMMU
_beng
042 _alccopycat
050 0 4 _aZ1006
_b.K39 1996
082 0 0 _a020/.3
_220
100 1 _aKeenan, Stella.
245 1 0 _aConcise dictionary of library and information science /
_cStella Keenan.
260 _aLondon ;
_aNew Jersey :
_bBowker-Saur,
_cc1996.
300 _ax, 214 p. :
_c23 cm.
504 _aIncludes bibliographical references (p. 213-214) and index.
650 0 _aLibrary science
_xDictionaries.
650 0 _aInformation science
_xDictionaries.
906 _a7
_bcbc
_ccopycat
_d3
_encip
_f19
_gy-gencatlg
942 _2lcc
_cREFERENCE
999 _c16044
_d16044